000 00507nam a22001577a 4500
999 _c60695
_d60695
005 20231009173143.0
008 231009s1966 fr ||||| |||| 00| 0 fre d
041 _afre
080 _a069 H-13
100 _aHak, Abdul Sélim
_920044
245 _aLes Trésors du Musée National de Damas /
_cAbdul Hak Sélim.
264 _a
_c1966.
300 _a40 p.;
_bill.:
_c22 cm.
653 _aდამასკოს ეროვნული მუზეუმის საგანძური
942 _2udc
_cBK